L'art ancien du Proche-Orient
Enregistré dans:
| Auteur principal: | |
|---|---|
| Format: | Livre |
| Langue: | Undetermined |
| Publié: |
Paris
Larousse
1961
|
| Sujets: | |
| Tags: |
Ajouter un tag
Pas de tags, Soyez le premier à ajouter un tag!
|
| Thư viện lưu trữ: | Trung tâm Học liệu Trường Đại học Cần Thơ |
|---|
| LEADER | 00469nam a2200181Ia 4500 | ||
|---|---|---|---|
| 001 | CTU_26629 | ||
| 008 | 210402s9999 xx 000 0 und d | ||
| 082 | |a 709.5 | ||
| 082 | |b L793 | ||
| 100 | |a Seton Lloyd | ||
| 245 | 0 | |a L'art ancien du Proche-Orient | |
| 245 | 0 | |c Seton Lloyd | |
| 260 | |a Paris | ||
| 260 | |b Larousse | ||
| 260 | |c 1961 | ||
| 650 | |a art, orient,arts - history | ||
| 904 | |i Minh, 981015 | ||
| 980 | |a Trung tâm Học liệu Trường Đại học Cần Thơ | ||